Abilities based on the Pokemon-Gen VI - Statistics

General Stats
  • This quiz has been taken 8 times
  • The average score is 12 of 20
Answer Stats
Pokemon Ability(ies) % Correct
Zygarde Aura Break | Power Construct
100%
Malamar Contrary | Suction Cups
100%
Primal Groudon Desolate Land
100%
Furfrou Fur Coat
100%
Goodra (Hidden) Gooey
100%
Diggersby (Hidden) Huge Power
100%
Mega Latios Levitate
100%
Hawlucha Limber | Unburden
100%
Mega Sableye Magic Bounce
100%
Clawitzer Mega Launcher
100%
Chesnaught Overgrow
100%
Mega Kangaskhan Parental Bond
100%
Dragalge Poison Point | Poison Touch
100%
Klefki Prankster
100%
Primal Kyogre Primordial Sea
100%
Greninja (Hidden) Protean
100%
Aurorus Refrigerate
100%
Goodra Sap Sipper | Hydration
100%
Pangoro (Hidden) Scrappy
100%
Mega Lopunny Scrappy
100%
Mega Heracross Skill Link
100%
Mega Mewtwo X Steadfast
100%
Tyrantrum Strong Jaw
100%
Carbink (Hidden) Sturdy
100%
Mega Scizor Technician
100%
Mega Alakazam Trace
100%
Gourgeist (Hidden) Insomnia
50%
Dragalge (Hidden) Adaptability
0%
Mega Beedrill Adaptability
0%
Mega Lucario Adaptability
0%
Mega Pinsir Aerilate
0%
Mega Salamence Aerilate
0%
Aromatisse (Hidden) Aroma Veil
0%
Greninja (Event) Battle Bond
0%
Delphox Blaze
0%
Chesnaught (Hidden) Bulletproof
0%
Dedenne Cheek Pouch | Pickup
0%
Carbink Clear Body
0%
Diance Clear Body
0%
Sylveon Cute Charm
0%
Yveltal Dark Aura
0%
Mega Rayquaza Delta Stream
0%
Mega Charizard Y Drought
0%
Heliolisk Dry Skin | Sand Veil
0%
Xerneas Fairy Aura
0%
Mega Aggron Filter
0%
Talonflame Flame Body
0%
Florges Flower Veil
0%
Vivillon (Hidden) Friend Guard
0%
Noivern Frisk | Infiltrator
0%
Talonflame (Hidden) Gale Wings
0%
Gogoat (Hidden) Grass Pelt
0%
Trevenant (Hidden) Harvest
0%
Aromatisse Healer
0%
Mega Audino Healer
0%
Mega Mawile Huge Power
0%
Malamar (Hidden) Infiltrator
0%
Mega Gallade Inner Focus
0%
Mega Mewtwo Y Insomnia
0%
Mega Manectric Intimidate
0%
Pangoro Iron Fist | Mold Breaker
0%
Meowstic Keen Eye | Infiltrator
0%
Mega Latias Levitate
0%
Mega Sceptile Lightning Rod
0%
Mega Absol Magic Bounce
0%
Mega Diance Magic Bounce
0%
Delphox (Hidden) Magician
0%
Klefki (Hidden) Magician
0%
Hoopa Magician
0%
Mega Blastoise Mega Launcher
0%
Hawlucha (Hidden) Mold Breaker
0%
Mega Gyarados Mold Breaker
0%
Mega Ampharos Mold Breaker
0%
Pyroar (Hidden) Moxie
0%
Trevenant Natural Cure | Frisk
0%
Mega Pidgeot No Guard
0%
Avalugg Own Tempo | Ice Body
0%
Barbaracle (Hidden) Pickpocket
0%
Diggersby Pickup | Cheek Pouch
0%
Gourgeist Pickup | Frisk
0%
Sylveon Mega Pixilate
0%
Mega Gardevoir Pixilate
0%
Mega Altaria Pixilate
0%
Dedenne (Hidden) Plus
0%
Meowstic (Hidden) Prankster
0%
Mega Banette Prankster
0%
Mega Medicham Pure Power
0%
Mega Glalie Refrigerate
0%
Pyroar Rivalry | Unnerve
0%
Tyrantrum (Hidden) Rock Head
0%
Mega Steelix Sand Force
0%
Mega Garchomp Sand Force
0%
Mega Tyranitar Sand Stream
0%
Gogoat Sap Sipper
0%
Mega Gengar Shadow Tag
0%
Mega Camerupt Sheer Force
0%
Mega Slowbro Shell Armour
0%
Vivillon Shield Dust | Compound Eyes
0%
Aurorus (Hidden) Snow Warning
0%
Mega Abomasnow Snow Warning
0%
Heliolisk (Hidden) Solar Power
0%
Mega Houndoom Solar Power
0%
Mega Blazekin Speed Boost
0%
Aegislash Stance Change
0%
Mega Sharpedo Strong Jaw
0%
Avalugg (Hidden) Sturdy
0%
Slurpuff Sweet Veil
0%
Mega Swampert Swift Swim
0%
Florges (Hidden) Symbiosis
0%
Noivern (Hidden) Telepathy
0%
Mega Venusaur Thick Fat
0%
Greninja Torrent
0%
Mega Charizard X Tough Claws
0%
Mega Aerodactyl Tough Claws
0%
Mega Metagross Tough Claws
0%
Barbaracle Tough Claws | Sniper
0%
Slurpuff (Hidden) Unburden
0%
Volcanion Water Absrob
0%
No matching quizzes found
Score Distribution
Percent of People with Each Score
Percentile by Number Answered
Your Score History
You have not taken this quiz